Normal view
MARC view
Entry Topical Term
001 - CONTROL NUMBER
- control field: 9386
003 - CONTROL NUMBER IDENTIFIER
- control field: OSt
005 - DATE AND TIME OF LATEST TRANSACTION
- control field: 20160613192856.0
008 - FIXED-LENGTH DATA ELEMENTS
- fixed length control field: 160613|| aca||aabn | a|a d
040 ## - CATALOGING SOURCE
- Original cataloging agency: OSt
- Transcribing agency: OSt
150 ## - HEADING--TOPICAL TERM
- Topical term or geographic name entry element: Pharmacy.
670 ## - SOURCE DATA FOUND
- Source citation: Work cat.: (OSt): Waterfield ,Jon; 9385, Community Pharmacy handbook., 2008.
